000 02633cam a2200169 4500500
005 20260208010532.0
041 _afre
042 _adc
100 1 0 _aGabaude, Jean-Marc
_eauthor
245 0 0 _aChristian Godin, La totalité, vol. 5 : La totalité réalisée. Les sciences, Seyssel, Champ Vallon (diff. PUF), 2002, 968 p., 44 E.
260 _c2004.
500 _a53
520 _aRÉSUMÉS — ABSTRACTSPenser par soi-même : dans le chapitre liminaire de la seconde Démocratie en Amérique (1840), Tocqueville s’interroge sur ce mot d’ordre des modernes qui est aussi leur « méthode philosophique ». À travers l’exemple américain, idéal-typique de l’anthropologie démocratique, il en souligne l’ambivalence et s’interroge sur les promesses de la philosophie cartésienne : si la raison individuelle est libérée du carcan de la tradition et des préjugés, chacun trouvera-t-il en lui-même les moyens d’un exercice raisonné du jugement ? Il se pourrait qu’à l’inverse se trouve révélé le vide des esprits, que comblent dangereusement les réponses de l’opinion majoritaire, souveraine en démocratie. En montrant comment l’individualisme intellectuel est à la source d’une nouvelle forme d’aliénation, Tocqueville inscrit le doute au cœur de l’optimisme libéral au moment où le libéralisme officiel (Cousin, Guizot) récupère le cartésianisme et célèbre en lui l’ « esprit français ».
520 _aRÉSUMÉS — ABSTRACTSThinking by oneself : in the preliminary chapter of the second Democracy in America, Tocqueville questions such a motto from the Moderns which is also their philosophical method. Through the American example, i.e. the very type of democratic anthropology, he stresses ambivalence and questions the promises of cartesian philosophy : if individual reason is freed from tradition and prejudices, will everyone find in his own self the means of a reasoned exercize of judgement ? Reversely the void of minds may find itself revealed, dangerously filled as it might by the answers from the public opinion, i.e. sovereign within democracy. Showing how intellectual individualism is at the origin of a new kind of alienation, Tocqueville inscribes doubt in the heart of liberal optimism right at a time when official liberalism (Cousin, Guizot) acknowledges cartesianism and worships in it the true French spirit.
786 0 _nRevue philosophique de la France et de l'étranger | 129 | 4 | 2004-12-01 | p. 469k-509k | 0035-3833
856 4 1 _uhttps://shs.cairn.info/revue-philosophique-2004-4-page-469k?lang=fr&redirect-ssocas=7080
999 _c1657020
_d1657020